000 00808cam a22002291 4500
001 sa 68018993
003 DLC
005 20260227112716.0
008 720619s1965 xx 000 0 ind
010 _asa 68018993
035 _a(OCoLC)336319
040 _aDLC
_cOAU
_dDLC
042 _apremarc
050 0 0 _aHQ1752
_b.N53
100 1 _aNitisastro, Widjojo.
245 1 0 _aBeberapa data kwantitatif tentang penduduk wanita Indonesia.
260 _a[Djakarta]
_bDepartemen Urusan Research Nasional
_c[1965]
300 _aii, 55 l.
_c27 cm.
500 _a"Disusun untuk para peserta Lembaga Pertahanan Nasional guna keperluan Seminar 'Masalah Kekuatan Sosial dan Peranan Wanita dalam Mentjapai Tri Kerangka Tudjuan Revolusi.'"
650 0 _aWomen
_zIndonesia.
651 0 _aIndonesia
_xSocial conditions.
999 _c88759
_d88759